Loading...
| Science - Other | 1 | 1 | 0 | 0 | 25 | 70 | 85.50 | 2 | 2 | 0.00 | 0.00 |
| History - American | 1 | 1 | 0 | 1 | 25 | 49 | 92.50 | 1 | 2 | 0.00 | 0.00 |
| History - European | 1 | 1 | 0 | 0 | 25 | 50 | 82.00 | 1 | 2 | 0.00 | 0.00 |
| Fine Arts - Other | 0 | 2 | 0 | 0 | 20 | 103 | 103.50 | 2 | 2 | 0.00 | 0.00 |
| Philosophy | 0 | 2 | 0 | 1 | 20 | 83 | 109.00 | 1 | 2 | 0.00 | 0.00 |
| Literature - British | 0 | 1 | 0 | 0 | 10 | 107 | 107.00 | 1 | 1 | 0.00 | 0.00 |
| History - Other | 0 | 1 | 0 | 0 | 10 | 110 | 110.00 | 0 | 1 | 0.00 | 0.00 |
| History - World | 0 | 1 | 0 | 0 | 10 | 115 | 115.00 | 0 | 1 | 0.00 | 0.00 |
| Fine Arts - Auditory | 0 | 1 | 0 | 0 | 10 | 123 | 123.00 | 0 | 1 | 0.00 | 0.00 |
| Mythology | 0 | 1 | 0 | 1 | 10 | 126 | 126.00 | 0 | 1 | 0.00 | 0.00 |
| Pop Culture | 0 | 1 | 0 | 0 | 10 | 123 | 123.00 | 0 | 1 | 0.00 | 0.00 |
| Fine Arts - Visual | 0 | 0 | 1 | 0 | -5 | 0.00 | 0 | 0 | 0.00 | 0.00 | |
| Religion | 0 | 0 | 1 | 0 | -5 | 0.00 | 0 | 0 | 0.00 | 0.00 | |
| Literature - European | 0 | 0 | 1 | 0 | -5 | 0.00 | 0 | 0 | 0.00 | 0.00 |